| 000 | 00469nam a2200157 4500 | ||
|---|---|---|---|
| 001 | 136319 | ||
| 003 | ES-MaACL | ||
| 005 | 20230906195104.0 | ||
| 007 | t| | ||
| 008 | 070214s1978 sp r ||||1| spa d | ||
| 100 | 1 |
_aSabugal, Santos. _9101223 |
|
| 245 | 1 | 1 |
_a¿Liberación y secularización? _b: intento de una respuesta bíblica / _cSantos Sabugal. |
| 260 |
_aBarcelona : _bHerder, _c1978. |
||
| 300 |
_aXI, 370 p. ; _c22 cm. |
||
| 852 |
_aES-MaACL _jA-9064 _bR.98249 |
||
| 999 |
_c136319 _d136319 |
||